L'enseignement des mathématiques
Uloženo v:
| Hlavní autoři: | , , , , , , , , , |
|---|---|
| Médium: | Kniha |
| Jazyk: | francouzština |
| Vydáno: |
Neuchatel
Delachaux
1965
|
| Vydání: | 2a. ed |
| Témata: | |
| Tagy: |
Přidat tag
Žádné tagy, Buďte první, kdo vytvoří štítek k tomuto záznamu!
|
MARC
| LEADER | 00000nam a2200000 a 4500 | ||
|---|---|---|---|
| 001 | UCQ8737 | ||
| 003 | CL-VaPUC | ||
| 008 | 981217e19650000SZ |||||||||||||||||fre|d | ||
| 082 | 0 | 4 | |a 510.7 |b GAT |2 21 |
| 100 | |a Gattegno, C |e author |9 422886 | ||
| 700 | 0 | |a Servais, W |e author |9 422887 | |
| 700 | 0 | |a Castelnuovo, E |e author |9 422888 | |
| 700 | 0 | |a Nicolet, J. L |e author |9 422889 | |
| 700 | 0 | |a Fletcher, T. J |e author |9 422890 | |
| 700 | 0 | |a Motard, L |e author |9 422891 | |
| 700 | 0 | |a Campedelli, L |e author |9 422892 | |
| 700 | 0 | |a Biguenet, A |e author |9 422893 | |
| 700 | 0 | |a Peskett, J. W |e author |9 422894 | |
| 700 | 0 | |a Adam, P. Puig |e author |9 422895 | |
| 245 | 1 | 2 | |a L'enseignement des mathématiques |
| 250 | |a 2a. ed | ||
| 300 | |a v | ||
| 942 | |c BK | ||
| 945 | |d 19981217 00:00:00 |a cmena | ||
| 260 | |a Neuchatel |b Delachaux |c 1965 | ||
| 500 | |a v.2: Etude du matériel | ||
| 650 | 0 | |a Matemática |9 260235 | |
| 650 | 0 | |a Métodos de enseñanza |9 270413 | |
| 650 | 0 | |a Matemáticas |x Enseñanza |9 875527 | |
| 583 | |a last modification |c 19981217 00:00:00 |k Rodrigo Vera | ||
| 999 | |c 277918 |d 277916 | ||
| 952 | |0 0 |1 0 |4 0 |6 510_700000000000000_GAT_1965 |7 0 |8 A |9 316185 |a BIBMAT |b BIBMAT |d 2019-11-20 |h v.2 |i 1479520 |o 510.7 GAT 1965 |p 1479520 |r 2025-01-07 |w 2019-11-20 |y BK |k MAT | ||